书目信息 |
| 题名: |
Visual C++界面编程技术
|
|
| 作者: | 周鸣扬 编著 | |
| 分册: | ||
| 出版信息: | 北京 北京希望电子出版社 2003.02 |
|
| 页数: | 541页 | |
| 开本: | 26cm | |
| 丛书名: | ||
| 单 册: | ||
| 中图分类: | TP213C | |
| 科图分类: | ||
| 主题词: | 自动化元件 , 自动化器件 | |
| 电子资源: | ||
| ISBN: | 7-89498-082-X | |
| 000 | 00608nam0 2200205 45 | |
| 001 | 0456462185 | |
| 005 | 2004091615410218 | |
| 010 | @a7-89498-082-X@d46.00CNY | |
| 100 | @a20040916d2003 km y0chiy0120 ea | |
| 101 | 0 | @achi |
| 102 | @aCN@b110000 | |
| 200 | 1 | @aVisual C++界面编程技术@AVisual C++Jie Mian Bian Cheng Ji Shu@f周鸣扬编著@FZhou Ming Yang Bian Zhu |
| 210 | @a北京@c北京希望电子出版社@d2003.02 | |
| 215 | @a541页@d26cm | |
| 606 | 0 | @a自动化元件 |
| 606 | 0 | @a自动化器件 |
| 690 | @aTP213C@v3 | |
| 701 | 0 | @a周鸣扬@AZhou Ming Yang@4编著 |
| 801 | 0 | @aCN@bPFT@c20040916 |
| 905 | @a安徽大学@dTP213C@eZ788 | |
| Visual C++界面编程技术/周鸣扬编著.-北京:北京希望电子出版社,2003.02 |
| 541页;26cm |
| ISBN 7-89498-082-X:46.00CNY |
| ● |
| 相关链接 |
|
|
|
正题名:Visual C++界面编程技术
索取号:TP213C/Z788
 
预约/预借
| 序号 | 登录号 | 条形码 | 馆藏地/架位号 | 状态 | 备注 |
| 1 | 394225 | 203942252 | 自科库301/404自科库 17排1列4层/ [索取号:TP213C/Z788] | 在馆 | |
| 2 | 394226 | 203942261 | 自科库301/301自科库 55排2列1层/ [索取号:TP213C/Z788] | 在馆 | |
| 3 | 394227 | 203942270 | 自科库301/301自科库 55排2列1层/ [索取号:TP213C/Z788] | 在馆 |